| 000 | 00699cab a2200205 4500 | ||
|---|---|---|---|
| 001 | WB3105-39 | ||
| 008 | 090401t1995 xxu||||| |||| 00| 0 eng d | ||
| 035 | _a(Sirsi) u21078 | ||
| 041 | _aeng | ||
| 245 | _aRIBA restarts fee scales for members | ||
| 260 | _c1995 | ||
| 350 | _a0 | ||
| 490 |
_aContract Journal _v377(6009) 26 January 1995, 6(1) |
||
| 520 | _aRecommended fee scales are again to be issued to members of the RIBA, following a ruling by the Director-General of Fair Trading which overturned previous objections to such scales. | ||
| 650 | _aFEE SCALES | ||
| 650 | _aFEES | ||
| 690 | _aMANAGEMENT-BUSINESS MANAGEMENT-PROFESSIONAL PRACTICE | ||
| 942 | _n0 | ||
| 948 | _c04/03/1997 | ||
| 999 |
_c14144 _d14144 |
||